Quizzes
Events
Quiz Creation
Community
Videos
Private Events
Remove Ads
Sign In
Join for FREE
Feedback
Dark Mode
Quiz Categories
Sports
Geography
Music
Movies
Television
Just For Fun
Miscellaneous
History
Literature
Language
Science
Gaming
Entertainment
Religion
Holiday
For Kids
Quiz Lab
Recent
Popular Today
Quiz Kudos Today
Editor Picks
Curator Picks
Quizzes by...
Day
Popularity
Type
Ratings
Length
Year
Community
Subscriptions
Recent Discussions
Orange Saloon
Badges
Playlists
Quests
Create
Leaderboards
Showdown
Live 5
Trivia Bingo
Activity
Puzzle Library
Sporcle Events
Private Events
Virtual Trivia
Globe League
Become a Host
Pub Owners
SporcleCon
Opinionation
Our Games
Videos
Blog
Mobile Apps
Partnerships
Remove Ads and Go Orange
Feedback
History
US Presidents
World Leaders
Politics
Nation
Discovery
War
Decade
Year
Century
Biography
Art
History
US Presidents
World Leaders
Politics
Nation
Discovery
War
Decade
Year
Century
Biography
Art
Random Quiz
Search Sporcle
×
Quiz Lab
Quiz Lab
History
Type in answers that appear in a list
Type in answers that appear in a list
Classic
Best Score? Go Orange.
ARTH202 Quiz 6 Stats
Can you name the ARTH202 Quiz 6?
By
Craigy2606
15m
144 Questions
17 Plays
17 Plays
17 Plays
Comments
Comments
Give Quiz Kudos
Give Quiz Kudos
-
- Ratings
hide this ad
Replay
Link that replays current quiz
Next Quiz
Link to next quiz in quiz playlist
You Got
0%
They Got
Avg Score
51%
Avg Friend Score
Upgrade to see
Score Distribution
Jump to the score distribution portion of the page
Score
0/144
Timer
15:00
0
Plays Today
Questions
Answer
% Correct
Date
1950
82.4%
Date
1950
82.4%
Date
1950
82.4%
Date
1950
82.4%
Date
1950
82.4%
Date
1950
82.4%
Date
1950
82.4%
Date
1950
82.4%
Date
1950
82.4%
Date
1950
82.4%
Date
1950
82.4%
Date
1950
82.4%
Date
1950
82.4%
Date
1950
82.4%
Location
Chicago
76.5%
Location
Chicago
76.5%
Location
Chicago
76.5%
Location
Oak Park
76.5%
Location
New York
76.5%
Location
New York
76.5%
Location
New York
76.5%
Location
New York
76.5%
Location
Illinois Institute of Technology
76.5%
Location
Chicago
76.5%
Location
New York
76.5%
Location
New York
76.5%
Architect
Frank Lloyd Wright
70.6%
Architect
Frank Lloyd Wright
70.6%
Architect
Frank Lloyd Wright
70.6%
Architect
Frank Lloyd Wright
70.6%
Architect
Frank Lloyd Wright
70.6%
Architect
Frank Lloyd Wright
70.6%
Architect
van Der Rohe
64.7%
Date
1900
64.7%
Architect
van Der Rohe
64.7%
Architect
van Der Rohe
64.7%
Architect
van Der Rohe
64.7%
Architect
van Der Rohe
64.7%
Date
1900
64.7%
Date
1900
64.7%
Architect
Le Corbusier
64.7%
Architect
Le Corbusier
64.7%
Date
1900
64.7%
Date
1900
64.7%
Date
1900
64.7%
Date
1900
64.7%
Date
1900
64.7%
Building 18
Empire State Building
64.7%
Questions
Answer
% Correct
Building 19
Chrysler Building
64.7%
Architect
van Der Rohe
64.7%
Building 30
Glass House
64.7%
Architect
van Der Rohe
64.7%
Architect
van Der Rohe
64.7%
Architect
van Der Rohe
64.7%
Architect
Le Corbusier
64.7%
Architect
Le Corbusier
64.7%
Date
1925
58.8%
Date
1925
58.8%
Date
1925
58.8%
Date
1925
58.8%
Date
1925
58.8%
Date
1925
58.8%
Date
1925
58.8%
Date
1925
58.8%
Date
1925
58.8%
Date
1925
58.8%
Date
1925
58.8%
Date
1925
58.8%
Location
Universal Exhibition
58.8%
Location
Universal Exhibition
58.8%
Date
1925
58.8%
Date
1925
58.8%
Building 1
Riehl House
52.9%
Building 14
Robie House
52.9%
Building 17
Falling Water
52.9%
Building 29
Farnsworth House
52.9%
Location
Barcelona
47.1%
Location
Paris
47.1%
Location
Tokyo
47.1%
Architect
Johnson
47.1%
Building 5
Tugendhat House
41.2%
Building 9
Villa Stein
41.2%
Building 10
Villa Savoye
41.2%
Building 12
Charnley House
41.2%
Building 13
Winslow House
41.2%
Building 15
Unity Temple
41.2%
Building 16
Imperial Hotel
41.2%
Location
Bear Run
41.2%
Building 24
German Pavilion
41.2%
Architect
Speer
41.2%
Building 25
Soviet Pavilion
41.2%
Architect
Iofan
41.2%
Location
Tel Aviv
41.2%
Building 27
Maison Frankstein
41.2%
Location
Tel Aviv
41.2%
Location
Levant Fair Exhibition
41.2%
Questions
Answer
% Correct
Location
New Canaan
41.2%
Building 31
Crown Hall
41.2%
Building 33
Seagram Building
41.2%
Building 34
Guggenheim Musuem
41.2%
Building 35
Unite d'habitation
41.2%
Location
Marseille
41.2%
Building 36
Parliament Building
41.2%
Location
Chandigarh
41.2%
Building 4
Barcelona Pavilion
35.3%
Building 23
Philadelphia Savings Fund Society Building
35.3%
Location
Philadelphia
35.3%
Building 26
Dizengoff Circle
35.3%
Architect
Averbouch
35.3%
Architect
Averbouch
35.3%
Building 32
860 Lakeshore Drive
35.3%
Location
Stuttgart
29.4%
Location
Brno
29.4%
Architect
Sullivan
29.4%
Architect
Sullivan
29.4%
Architect
Van Alen
29.4%
Location
Los Angeles
29.4%
Architect
Howe
29.4%
Architect
Papper
29.4%
Building 28
Cafe Galinan
29.4%
Location
Plano
29.4%
Location
Neubabelsburg
23.5%
Building 3
Weissenhof Estate
23.5%
Building 6
Tavanasa Bridge
23.5%
Building 7
25 bis Rue Franklin
23.5%
Architect
Perret
23.5%
Building 8
Notre Dame du Raincey
23.5%
Architect
Raincey
23.5%
Location
Perret
23.5%
Building 21
Radio City Music Hall
23.5%
Architect
Stone
23.5%
Building 22
Coca-Cola Bottling Plant
23.5%
Architect
Derrah
23.5%
Location
Tavanasa
17.6%
Location
Garches
17.6%
Location
Poissy-sur-Seine
17.6%
Building 11
Carson Pirie Soctt Department Store
17.6%
Architect
Shreve
17.6%
Building 20
Rockefeller Centre
17.6%
Architect
Reinhard
17.6%
Location
Berlin
11.8%
Architect
Maillart
11.8%
Location
River Forest
11.8%
Building 2
Memorial to Rosa Luxembourg and Karl Liebknecht
0%
Quiz Playlist
Details
Report
Send in Message
Add To Playlist
Classic:
Type in answers that appear in a list
Last Updated: Feb 16, 2017
Quiz Scoreboard
CHALLENGE
Sign Up to Join the Scoreboard
Show All
Scores
Hide
Comments
May contain spoilers
Recently Published
9x9 Crossword: Cartoon Network
by jackfrog10
Miscellaneous
3m
College Basketball Coaching Resumes
by pancakes188
Sports
9m
Billboard Blitz: Fleetwood Mac
by CooCooCachoo
Music
15s
More to Explore
Quiz From the Vault
Featured Blog Post
Where Did the Easter Bunny Come From?
hide this ad
You Might Also Like...
Tags
This quiz does not have any tags.
Today's Top Quizzes in History
Browse History
hide this ad
Top Contributed Quizzes in History
1
Popular People in 1991
2
Popular People in 1981
3
Popular People in 1951
4
Popular People in 1941
5
Popular People in 1986
6
Popular People in 1976
7
Popular People in 1921
8
5-to-1: 20th Century Images of War
9
I Am Born On March 28th
10
Popular People in 1946
Explore More
Trending Topics
Crossword
Disney
Anime
NBA
Marvel
Kpop
Harry Potter
NFL
WWE
The Office
Puzzle
Soccer
Song
Country
Pokémon
hide this ad
More By:
Craigy2606
Quiz
Plays
Rating
Category
Featured
Created
QUIZ 4 !! It's Art History Time - BOO YA!
77
1.00
History
Apr 3, 2011
Renaissance Architecture
53
History
Jan 26, 2011
ARTH 202 Quiz 5
39
1.00
History
Apr 17, 2011
Exam 2 Arch History Quizicles!
34
5.00
Miscellaneous
Mar 23, 2011
ARTH202 Quiz 6
17
1.00
History
Apr 28, 2011
Go to Creator's Profile
Score Distribution
Quiz Creator Spotlight
Craigy2606
Follow
Send a Message
Quizzes Created
-
Created Quiz Play Count
-
More By This Creator
Popular Quizzes Today
1
Find the US States - No Outlines Minefield
2
Find the Countries of Europe - No Outlines Minefield
3
The Countries of the World
4
Find the US States
5
Risky Map Clicking: Biggest States A-Z
6
US States
7
Popular People in 1961
8
Movies - When Are They Set?
More History Quizzes
1990s or 2000s?
Published
Trending Quizzes
Risky Map Clicking: Least Populous States A-Z
1-10 Letter G Words
1-10 Letter F Words
Risky Map Clicking: Next State Alphabetically
Adjectives in 80s TV Shows
Recently Updated
Leaping Animals
pecheneg
Reality TV Shows (A-Z)
bhenderson79
Rickey Henderson's Hall of Fame Teammates
pecheneg
Champions League XIs: Arsenal
pecheneg
Quick Pick: Celebrities in WWE's Hall of Fame
aduchscher
A-Z Keypad Blitz II
pecheneg
Multiple Oscar Actors
pecheneg
Mystery Phrase Blitz: Oscar 'Best Actors'
pecheneg
F. Scott Fitzgerald Novels
LTH
Pick 3 Villains
ddd62291
Trending Topics
Kpop
Disney
NBA
Harry Potter
Anime
Crossword
Marvel
The Office
Pokémon
Country
Song
Soccer
WWE
NFL
Puzzle
Your Account Isn't Verified!
In order to create a playlist on Sporcle, you need to verify the email address you used during registration. Go to your
Sporcle Settings
to finish the process.
Report this User
Report this user for behavior that violates our
Community Guidelines
.
Details:
Send Report
Go to the Sporcle.com Mobile Site →
Comments